Обновления артистов о заключении с ними контрактов

Доступно только в Электронных читальных залах Найти на картеНа карте
RUSMARC
00003982nmc2a22000003x 450
001d149304e-e4e9-4b82-813a-002adbc34ddb
00520181008131702.0
100##$a20161219l18191819k l0rusy0189 ca
1010#$arus
102##$aRU
2001#$aОбновления артистов о заключении с ними контрактов
$j4 января - 1 декабря 1819 г.
251##$cДело
300##$aДело
300##$aОриг. заголовок дела: Дело о разных прошениях и обновлениях артистов на счет заключения контрактов. 4 января 1819 г. - 1 декабря 1819 г
801#0$aRU
$bРГИА
$c20161219
$gRCR
801#1$aRU
$bГлавНИВЦ
$c20161219
$2rusmarc
801#2$aRU
$bПБ им. Б.Н. Ельцина
$c20181008
$gRCR
$2rusmarc
850##$aРГИА
852##$aРГИА
$eФедеральное казенное учреждение "Российский государственный исторический архив" (РГИА)
$j1889
937##$hРГИА
$d12237063
$aASBIBLIO_SCAN
462#0$1001dd3991dc-24e1-42ec-8838-ca4255420416
$12001
$a1746-1850 гг.
$1251
$cОпись
$1852
$j1
461#0$10019264ebf8-de62-4f1a-9eb4-9f22098dbbd5
$12001
$aДирекция императорских театров МИДв
$1251
$cФонд
$1852
$j497
215##$a111 л.
$d36,5х26 см
371##$aДокумент не является опубликованным и широко распространяемым
5171#$aДело о разных прошениях и обновлениях артистов на счет заключения контрактов. 4 января 1819 г. - 1 декабря 1819 г
105##$ay###
1222#$ad
035##$ad149304e-e4e9-4b82-813a-002adbc34ddb
856##$uhttp://readingroom.main.prlib.ru/item.aspx?id_node=n119008644&mode=full
Формат отображения